| 000 | 01077nam a2200253 a 4500 | ||
|---|---|---|---|
| 001 | 000025176 | ||
| 005 | 20200930023617.0 | ||
| 008 | 110210s1971 mx 000 0 spa d | ||
| 040 |
_aDO-SdBNP _bspa _cBNPHU |
||
| 041 | 1 | 7 |
_aspa _heng |
| 082 |
_a658.3145 _bB658c |
||
| 100 | 1 |
_aBlumenthal, Louis H. _951650 |
|
| 245 | 1 | 0 |
_aCómo trabajar con su consejo y sus comités / _cLouis H. Blumenthal ; traducción de René Cárdenas Barrios. |
| 260 |
_aMéxico : _bCentro Regional de Ayuda Técnica. Agencia para el Desarrollo Internacional ; _bEditorial Diana, _c1971. |
||
| 300 |
_a79 p. ; _c18 cm. |
||
| 490 | 1 |
_aBiblioteca para el director de grupos. _v3 |
|
| 534 |
_aTítulo original : _tHow to work with your board and commitees |
||
| 650 | 4 |
_aRelaciones interpersonales _xAdministración _951651 |
|
| 650 | 4 |
_aTrabajo social _xAdministración _951652 |
|
| 650 | 4 |
_aAcción social _xAdministración _951653 |
|
| 650 | 4 |
_aInteracción social _xAdministración _951654 |
|
| 700 | 1 |
_aCárdenas Barrios, René, _etr. _912537 |
|
| 830 | 0 |
_aBiblioteca para el director de grupos. _n3 _951655 |
|
| 999 |
_c24669 _d24669 |
||